| 000 | 00998cam a22001814a 4500 | ||
|---|---|---|---|
| 005 | 20250605164405.0 | ||
| 008 | 250528s ||||||||||||||||||||||||d | ||
| 035 | _a24785 | ||
| 040 |
_aGR-AtMCL _bgre _dGR-AtMCL _eAACR2 |
||
| 245 | 1 | _aSupply Chain and Logistics / Το Περιοδικό για την Εφοδιαστική Αλυσίδα | |
| 260 |
_bParametros Group, _c2023 |
||
| 300 | _a96 | ||
| 520 | _aΗ PRINTEC Φέρνει στην Ελλάδα τα 'SMILEY ROBOTS', Προσωπική και Συστημική Ευθύνη: Πώς θα Αποφύγουμε Αποτυχίες και Δυστυχήματα, Ο Κλάδος Οδηγείται με Γοργό Ρυθμό προς την Ψηφιοποίηση, Διεθνές Συνέδριο: Κεντρικές Ενότητες, Θεματικά Events: 2 Αποκλειστικ΄'ες Έρευνες. | ||
| 700 | 1 |
_aΔημητριάδης Θεόδωρος _99489 |
|
| 942 | _cCR | ||
| 999 |
_c9634 _d9634 |
||